000 00692nam a2200277Ia 4500
005 20260324145503.0
008 008 260324s9999 xx 000 0 eng d
020 _a9781315013619
037 _aEBOOK
040 _aCRL
040 _beng
040 _cCRL
041 _2eng
041 _aeng
084 _qCRL
100 _aJim Black; Paul Brearley; Penny Gutridge; Dr Gwyneth Roberts; Gwyneth Roberts
_91223134
245 0 _aLeaving Residential Care
260 _bTaylor and Francis
260 _c1982
365 _a
365 _b89.99
856 _uhttp://www.taylorfrancis.com/books/9781315013619
942 _cEBOOK
999 _c1831111
_d1831111